Most Popular College Majors - Statistics

General Stats
  • This quiz has been taken 292 times
  • The average score is 6 of 10
Answer Stats
# of majors Answer % Correct
387,851 Business
86%
126,590 Biology
80%
128,332 Engineering
78%
119,968 Psychology
68%
97,047 Computer Science
62%
161,164 History
60%
92,332 Visual and Performing Art
50%
91,752 Communication
49%
85,057 Education
43%
257,282 Health Professions
19%
No matching quizzes found
Score Distribution
Percent of People with Each Score
Percentile by Number Answered
Your Score History
You have not taken this quiz